00388nam a2200181Ia 4500008004000000041000800040082001200048100000600060245004800066260002000114300000800134650000900142650001300151650000800164650001200172650001300184650000900197210210b1955 xxu||||| |||| 00| 0 eng d aeng a520/205 a- aAbridged nautical almanac for the year 1956 aLondonb-c1955 a472 ayear anautical afor aalmanac aAbridged a1956